Valuing the environment : (Registro nro. 5004)

Detalles MARC
000 -CABECERA
Campo de control 00848nam a2200241 i 4500
005 - FECHA Y HORA DE LA ULTIMA TRANSACCION
Campo de control 20200104041555.0
008 - ELEMENTOS DE LONGITUD FIJA—INFORMACION GENERAL
Campo de control 920716s1991 enk b 001 0 eng
020 ## - ISBN
ISBN 1853830747
040 ## - FUENTE DE CATALOGACIÓN
Agencia catalogadora original DLC
Agencia transcriptora DLC
Agencia Modificadora CO-BoIAVH
041 0# - IDIOMA
Código de idioma para texto/pista de sonido o título separado Inglés
044 ## - PAÍS DE PUBLICACIÓN
País de publicación Inglaterra
082 04 - NUMERO DE CLASIFICACION DECIMAL DEWEY
Número de clasificación 333.7
Número del ítem V21v
245 00 - MENCION DE TITULO
Título Valuing the environment :
Parte restante del título six case studies /
Mención de responsabilidad edited by Jean-Philippe Barde and David W. Pearce.
260 ## - PUBLICACION, DISTRIBUCION, ETC. (PIE DE IMPRENTA)
Lugar de publicación, distribución, etc. London :
Nombre del editor, distribuidor, etc. Earthscan Publications,
Fecha de publicación, distribución, etc. 1991.
300 ## - DESCRIPCION FISICA
Extensión 271 p. ;
Dimensiones 22 cm.
504 ## - NOTA DE BIBLIOGRAFIA, ETC.
Nota de bibliografía Incluye referencias bibliográficas e índice.
650 14 - ASIENTO SECUNDARIO DE MATERIA - TERMINO TEMATICO
Término temático o nombre geográfico como elemento de entrada Política ambiental
Subdivisión de forma Caso de estudio
9 (RLIN) 52097
650 24 - ASIENTO SECUNDARIO DE MATERIA - TERMINO TEMATICO
Término temático o nombre geográfico como elemento de entrada Economía ambiental
Subdivisión de forma Caso de estudio
9 (RLIN) 52098
650 24 - ASIENTO SECUNDARIO DE MATERIA - TERMINO TEMATICO
Término temático o nombre geográfico como elemento de entrada Desarrollo sostenible
9 (RLIN) 278
700 1# - ASIENTO SECUNDARIO - NOMBRE PERSONAL
Nombre personal Barde, Jean-Philippe,
Término de relación editor.
9 (RLIN) 52100
700 1# - ASIENTO SECUNDARIO - NOMBRE PERSONAL
Nombre personal Pearce, David W.
Forma más completa del nombre (David William),
Término de relación editor.
9 (RLIN) 52101
942 ## - ELEMENTOS ADICIONALES (KOHA)
Sistema de clasificación Dewey Decimal Classification
Tipo de ítem Informe Técnico
Existencias
Withdrawn status Lost status Sistema de Clasificación Damaged status No para préstamo Colección Inventariado Ubicación Permanente Ubicación actual Fecha de adquisición Fuente de Valor Total Checkouts Número topográfico Inventario / Código de Barras Date last seen Ejemplar Price effective from Forma de adquisición Tipo de material
    Dewey Decimal Classification     General Inventariado 2017 Bogotá Bogotá 21/12/2005 Amazon   LB-333.7 V21v 022667 04/12/2012 Ej.1 04/12/2012 Compra Libro